000 01105nam a2200241 a 4500
005 20191224041551.0
008 140224b1998 ck ||||grdo 00| 0 spa d
040 _aCO-BoIAVH
_cCO-BoIAVH
041 0 _aspa
044 _ack
082 0 4 _a581.634
_bS44p
110 1 _aMedellín. Antioquia, Colombia.
_bFundación Jardín Botánico "Joaquín Antonio Uribe"
_b Secretaría de Desarrollo Comunitario
245 1 _aPlantas medicinales y sus aplicaciones /
_cAlcaldía de Medellín, Secretaria de Desarrollo Comunitario, Unidad Municipal de Asistencia Técnica Agropecuaria
260 _aMedellín :
_bFundación Jardín Botánico "Joaquín Antonio Uribe" :
_bSecretaria de Desarollo Comunitario ,
_c1998.
300 _a110 páginas :
_bTablas, fotografías ;
_c26 x 20 cm
650 0 6 _aEtnobotánica
650 0 6 _aPlantas medicinales
_x Uso
_z Colombia.
650 0 6 _aUso de biodiversidad
650 0 6 _aInventarios
_xPlantas medicinales
_z Colombia.
650 0 6 _aConocimiento ecológico tradicional
_z Colombia.
662 _aColombia
_bAntioquia
942 _cLIBRO
_2ddc
999 _c1036
_d1036